Right to livelihood and access to groundwater in India (Record no. 520704)

000 -LEADER
fixed length control field 00629nam a22001457a 4500
008 - FIXED-LENGTH DATA ELEMENTS--GENERAL INFORMATION
fixed length control field 221007b ||||| |||| 00| 0 eng d
100 ## - MAIN ENTRY--PERSONAL NAME
Personal name Singh, Priya
245 ## - TITLE STATEMENT
Title Right to livelihood and access to groundwater in India
260 ## - PUBLICATION, DISTRIBUTION, ETC. (IMPRINT)
Place of publication, distribution, etc Journal of the Indian Law Institute
300 ## - PHYSICAL DESCRIPTION
Extent 63(4), Oct-Dec, 2021: p.442-452
520 ## - SUMMARY, ETC.
Summary, etc The right to livelihood forms a part of the rights to life under article 21 of the constitution of India. It also lands supports the right to work and the right to food. – Reproduced
773 ## - HOST ITEM ENTRY
Main entry heading Journal of the Indian Law Institute
906 ## - LOCAL DATA ELEMENT F, LDF (RLIN)
Subject DIP WATER RESOURCES
942 ## - ADDED ENTRY ELEMENTS (KOHA)
Item type Articles
Holdings
Withdrawn status Lost status Source of classification or shelving scheme Damaged status Not for loan Permanent location Current location Date acquired Serial Enumeration / chronology Barcode Date last seen Koha item type
          Indian Institute of Public Administration Indian Institute of Public Administration 2022-10-07 63(4), Oct-Dec, 2021: p.442-452 AR127286 2022-10-07 Articles

Powered by Koha